Manual de farmacología (Record no. 50445)

MARC details
000 -LEADER
campo de control de longitud fija 00575nam a2200169 i 4500
001 - NÚMERO DE CONTROL
campo de control 50445
003 - IDENTIFICADOR DE NÚMERO DE CONTROL
campo de control ES-MaACL
005 - FECHA Y HORA DE LA ÚLTIMA TRANSACCIÓN
campo de control 20230906162159.0
007 - CAMPO FIJO DE DESCRIPCIÓN FÍSICA--INFORMACIÓN GENERAL
campo de control de longitud fija t|
008 - DATOS DE LONGITUD FIJA--INFORMACIÓN GENERAL
campo de control de longitud fija 030804s1966 sp ||||1| spa d
100 1# - ENTRADA PRINCIPAL--NOMBRE DE PERSONA
Nombre de persona Cutting, Windsor C.
9 (RLIN) 42296
245 10 - MENCIÓN DEL TÍTULO
Título Manual de farmacología
Resto del título : acción y uso de los medicamentos /
Mención de responsabilidad, etc. por Windsor C. Cutting ; traducción de JOrge Balasch Martín.
260 ## - PUBLICACIÓN, DISTRIBUCIÓN, ETC.
Lugar de publicación, distribución, etc. Barcelona :
Nombre del editor, distribuidor, etc. Montaner y Simón,
Fecha de publicación, distribución, etc. [1966]
300 ## - DESCRIPCIÓN FÍSICA
Extensión VII, 714 p. :
Otras características físicas il. ;
Dimensiones 24 cm.
700 1# - ENTRADA AGREGADA--NOMBRE PERSONAL
Nombre de persona Balasch Martín, Jorge.
9 (RLIN) 24829
852 ## - LOCALIZACIÓN
Ubicación ES-MaACL
Número de control de estantería C-31541
Sublocalización o colección R.61356
Holdings
Estatus retirado Estado de pérdida Estado de daño No para préstamo Biblioteca de origen Biblioteca actual Ubicación en estantería Fecha de adquisición Fuente de adquisición Total de préstamos Signatura topográfica completa Código de barras Visto por última vez Precio de reemplazo Tipo de ítem Koha
        Biblioteca del Ateneo de Madrid Biblioteca del Ateneo de Madrid Depósito 2 17/01/2008     C-31541 1053062 23/02/2023 23/02/2023 Libro impreso